Бурение нефтяных и газовых скважин: учебник

Detalhes bibliográficos
Autor principal: Вадецкий Ю. В. Юрий Вячеславович
Idioma:russo
Publicado em: Москва, Недра, 1967
Edição:2-е изд., перераб.
Assuntos:
Formato: Livro
KOHA link:https://koha.lib.tpu.ru/cgi-bin/koha/opac-detail.pl?biblionumber=169479

MARC

LEADER 00000nam0a2200000 4500
001 169479
005 20231031163432.0
035 |a (RuTPU)RU\TPU\book\183837 
035 |a RU\TPU\book\68272 
090 |a 169479 
100 |a 20091112d1967 m y0rusy50 ca 
101 0 |a rus 
102 |a RU 
105 |a a j 001zy 
200 1 |a Бурение нефтяных и газовых скважин  |e учебник  |f Ю. В. Вадецкий 
205 |a 2-е изд., перераб. 
210 |a Москва  |c Недра  |d 1967 
215 |a 399 с.  |c ил. 
320 |a Библиогр.: с. 394-396 
451 1 |0 (RuTPU)RU\TPU\book\59773  |t Бурение нефтяных и газовых скважин  |o учебник для техникумов  |f Ю. В. Вадецкий  |e 4-е изд., перераб. и доп.  |c Москва  |n Недра  |d 1978  |p 471 с.  |a Вадецкий, Юрий Вячеславович 
610 1 |a нефть 
610 1 |a газ 
610 1 |a бурение 
610 1 |a оборудование 
610 1 |a аварии 
610 1 |a проектно-сметная документация 
610 1 |a учебники 
610 1 |a скважины 
675 |a 622.323(075.32)  |v 3 
675 |a 622.324(075.32)  |v 3 
675 |a 622.24(075.32)  |v 3 
700 1 |a Вадецкий  |b Ю. В.  |g Юрий Вячеславович 
801 1 |a RU  |b 63413507  |c 20040528  |g PSBO 
801 2 |a RU  |b 63413507  |c 20151112  |g PSBO 
900 |a Бурение и испытание нефтегазовых скважин 
942 |c BK